[Event "Oebro CXU International 2023"]
[Site "Copenhagen"]
[Date "2023.07.25"]
[Round "3.1"]
[White "Baasansuren, Erdene"]
[Black "Chatalbashev, Boris"]
[Result "1/2-1/2"]
[WhiteElo "2278"]
[BlackElo "2493"]
[PlyCount "123"]
[EventDate "2023.07.24"]
[EventType "swiss"]
[EventRounds "9"]
[EventCountry "DEN"]
[SourceTitle "Live v. Obro Skakforenin"]

1. d4 Nf6 2. c4 e6 3. g3 c5 4. Nf3 cxd4 5. Nxd4 Nc6 6. Bg2 Bc5 7. Nb3 Bb6 8.
Nc3 O-O 9. O-O Qe7 10. Bg5 h6 11. Bxf6 Qxf6 12. Qd2 Qe7 13. Rac1 d6 14. Rfd1
Rd8 15. Nb5 a5 16. a4 d5 17. c5 Bc7 18. N3d4 Be5 19. e3 Bd7 20. b3 Rac8 21. f4
Bb8 22. Nxc6 bxc6 23. Nd4 e5 24. fxe5 Qxe5 25. Re1 Bc7 26. e4 dxe4 27. Rxe4 Qh5
28. Qe3 Re8 29. Re7 Rxe7 30. Qxe7 Qe5 31. Qxe5 Bxe5 32. Rc4 g5 33. b4 axb4 34.
Rxb4 f5 35. a5 f4 36. a6 fxg3 37. hxg3 Ra8 38. Ra4 Bxd4+ 39. Rxd4 Be8 40. Bf1
Kg7 41. Rb4 Kf6 42. Rb7 Bf7 43. Rb6 Bd5 44. Bb5 Ke5 45. Bxc6 Bxc6 46. Rxc6 h5
47. Rg6 g4 48. Rh6 Kd4 49. Kf2 Ra7 50. Ke2 Re7+ 51. Kd2 Kxc5 52. Rxh5+ Kb6 53.
Rh6+ Ka7 54. Rf6 Re5 55. Rf4 Kxa6 56. Rxg4 Kb5 57. Kd3 Kc5 58. Rd4 Rd5 59.
Rxd5+ Kxd5 60. Ke3 Ke5 61. g4 Kf6 62. Ke4 1/2-1/2

[Event "Oebro CXU International 2023"]
[Site "Copenhagen"]
[Date "2023.07.25"]
[Round "3.2"]
[White "Hamitevici, Vladimir"]
[Black "Carlsson, Ludvig"]
[Result "1-0"]
[WhiteElo "2494"]
[BlackElo "2373"]
[PlyCount "75"]
[EventDate "2023.07.24"]
[EventType "swiss"]
[EventRounds "9"]
[EventCountry "DEN"]
[SourceTitle "Live v. Obro Skakforenin"]

1. c4 g6 2. d4 Nf6 3. Nf3 Bg7 4. e3 O-O 5. Be2 d6 6. Nc3 Nbd7 7. O-O e5 8. Qc2
Re8 9. b4 e4 10. Nd2 Qe7 11. a4 Nf8 12. Ba3 Bf5 13. Rfc1 h5 14. Qd1 h4 15. h3
N8h7 16. b5 Ng5 17. Qf1 Qe6 18. Kh2 c5 19. bxc6 bxc6 20. Rab1 Nd7 21. Nb3 Rab8
22. d5 Qe5+ 23. Kh1 c5 24. Nb5 Qf6 25. Nxa7 Ra8 26. Bb2 Ne5 27. Nc6 Rxa4 28.
Ra1 Rxa1 29. Rxa1 Bf8 30. Ra6 Bc8 31. Rb6 Bg7 32. Bxe5 Rxe5 33. Nxe5 Qd8 34.
Nxf7 Qxb6 35. Nxg5 Qxb3 36. Nxe4 Qb8 37. Bd3 Bd7 38. f4 1-0

[Event "Oebro CXU International 2023"]
[Site "Copenhagen"]
[Date "2023.07.25"]
[Round "3.3"]
[White "Hector, Jonny"]
[Black "Nielsen, Viktor Haarmark"]
[Result "1/2-1/2"]
[WhiteElo "2481"]
[BlackElo "2345"]
[PlyCount "120"]
[EventDate "2023.07.24"]
[EventType "swiss"]
[EventRounds "9"]
[EventCountry "DEN"]
[SourceTitle "Live v. Obro Skakforenin"]

1. e4 e5 2. Nf3 Nc6 3. d4 exd4 4. Nxd4 Bc5 5. Be3 Qf6 6. c3 Nge7 7. Bc4 Ne5 8.
Be2 Qg6 9. O-O O-O 10. Bh5 Qxe4 11. Nd2 Qd5 12. c4 Nxc4 13. Nxc4 Bxd4 14. Bxd4
Qxc4 15. Rc1 Qd5 16. Rxc7 Nc6 17. Bc3 Qxd1 18. Rxd1 Re8 19. f4 b5 20. Rd6 b4
21. Bd2 g6 22. Bf3 Rb8 23. Bd5 Ne7 24. Bb3 Nf5 25. Rd3 a5 26. Rd5 Re2 27. Bc4
Re4 28. Rxa5 Nd6 29. Bb3 Re2 30. Rd5 Ne4 31. Bxb4 Rxb4 32. Rxc8+ Kg7 33. Rd1
Rxb2 34. Rc4 Rxc4 35. Bxc4 d5 36. Rxd5 Nd2 37. Bd3 Rxa2 38. Kf2 Ne4+ 39. Kf3 f5
40. Rd7+ Kf6 41. Rxh7 Rf2+ 42. Ke3 Rxg2 43. Bxe4 fxe4 44. Kxe4 Re2+ 45. Kf3 Ra2
46. h3 Ra1 47. Rb7 Rf1+ 48. Kg3 Rg1+ 49. Kf2 Ra1 50. Rb5 Ra3 51. Kg2 Rc3 52.
Rg5 Ra3 53. h4 Rb3 54. Rg3 Rxg3+ 55. Kxg3 Kf5 56. Kf3 Ke6 57. Kg4 Kf6 58. h5
gxh5+ 59. Kxh5 Kf5 60. Kh4 Kxf4 1/2-1/2

[Event "Oebro CXU International 2023"]
[Site "Copenhagen"]
[Date "2023.07.25"]
[Round "3.4"]
[White "Simonsen, Carsten"]
[Black "Holm, Kristian Stuvik"]
[Result "0-1"]
[WhiteElo "2201"]
[BlackElo "2480"]
[PlyCount "56"]
[EventDate "2023.07.24"]
[EventType "swiss"]
[EventRounds "9"]
[EventCountry "DEN"]
[SourceTitle "Live v. Obro Skakforenin"]

1. d4 Nf6 2. c4 e6 3. Nc3 Bb4 4. a3 Bxc3+ 5. bxc3 b6 6. f3 Nc6 7. e4 Na5 8. e5
Ng8 9. f4 Ne7 10. Nf3 Ba6 11. Bd3 Bxc4 12. Bxc4 Nxc4 13. Qd3 d5 14. exd6 Nxd6
15. O-O Qd7 16. Ne5 Qa4 17. Qf3 O-O 18. Be3 f6 19. Nd3 Qc2 20. Rfd1 Qxc3 21.
Rac1 Qb3 22. Rxc7 Nd5 23. Rcc1 Rac8 24. Rb1 Qxa3 25. Ra1 Qb3 26. Rab1 Qa4 27.
Ra1 Qd7 28. Bf2 Rc3 0-1

[Event "Oebro CXU International 2023"]
[Site "Copenhagen"]
[Date "2023.07.25"]
[Round "3.5"]
[White "Storme, Isak"]
[Black "Haubro, Martin"]
[Result "1/2-1/2"]
[WhiteElo "2448"]
[BlackElo "2386"]
[PlyCount "82"]
[EventDate "2023.07.24"]
[EventType "swiss"]
[EventRounds "9"]
[EventCountry "DEN"]
[SourceTitle "Live v. Obro Skakforenin"]

1. d4 Nf6 2. c4 e6 3. Nf3 d5 4. g3 Bb4+ 5. Bd2 Be7 6. Bg2 O-O 7. O-O Nbd7 8. b4
Ne4 9. Qb3 dxc4 10. Qxc4 Nb6 11. Qb3 Qd5 12. Qc2 Nxd2 13. Qxd2 Qd6 14. a3 a5
15. b5 Bd7 16. Nc3 c5 17. Ne4 Qd5 18. Nxc5 Bxc5 19. dxc5 Qxc5 20. Rfc1 Qxb5 21.
Rab1 Qa6 22. Ne5 Rad8 23. Qb2 Nd5 24. Qxb7 Bc8 25. Qb2 Rfe8 26. Nc6 Rd6 27. Nb8
Qa7 28. Qb5 Bd7 29. Qc5 Qxc5 30. Rxc5 Ba4 31. Rxa5 Nc3 32. Rb4 Nxe2+ 33. Kf1
Nc3 34. Bf3 Bd1 35. Bxd1 Rxd1+ 36. Kg2 Rd2 37. Nc6 Nd1 38. Rf4 Ne3+ 39. Kh3 Nd1
40. Kg2 Ne3+ 41. Kh3 Nd1 1/2-1/2

[Event "Oebro CXU International 2023"]
[Site "Copenhagen"]
[Date "2023.07.25"]
[Round "3.6"]
[White "Brynell, Stellan"]
[Black "Kistrup, Nicolai"]
[Result "1/2-1/2"]
[WhiteElo "2397"]
[BlackElo "2339"]
[PlyCount "85"]
[EventDate "2023.07.24"]
[EventType "swiss"]
[EventRounds "9"]
[EventCountry "DEN"]
[SourceTitle "Live v. Obro Skakforenin"]

1. d4 Nf6 2. c4 g6 3. Nf3 Bg7 4. Nc3 d5 5. Bg5 Ne4 6. Bf4 Nxc3 7. bxc3 dxc4 8.
e3 Qd5 9. Be2 c6 10. O-O Bf5 11. Nd2 Bd3 12. Bxd3 cxd3 13. Qb1 Qb5 14. c4 Qxb1
15. Raxb1 b6 16. Nf3 Nd7 17. Rfd1 O-O 18. Rxd3 Rfe8 19. Rbd1 e5 20. dxe5 Nxe5
21. Bxe5 Bxe5 22. Kf1 c5 23. Ke2 Bf6 24. Rd7 Kf8 25. Rb7 Re7 26. Rdd7 Rxd7 27.
Rxd7 a6 28. a4 b5 29. cxb5 axb5 30. axb5 Rb8 31. Nd2 Rxb5 32. Kd3 Rb2 33. g4
Ra2 34. Ne4 Be7 35. g5 Ra1 36. Rc7 Rd1+ 37. Kc4 Rh1 38. Nf6 Bd8 39. Rd7 Be7 40.
Ra7 Bd8 41. Rd7 Be7 42. Ra7 Bd8 43. Rd7 1/2-1/2

[Event "Oebro CXU International 2023"]
[Site "Copenhagen"]
[Date "2023.07.25"]
[Round "3.7"]
[White "Sriram, Jha"]
[Black "Brattgjerd, Isak Vinh"]
[Result "1-0"]
[WhiteElo "2315"]
[BlackElo "2185"]
[PlyCount "223"]
[EventDate "2023.07.24"]
[EventType "swiss"]
[EventRounds "9"]
[EventCountry "DEN"]
[SourceTitle "Live v. Obro Skakforenin"]

1. Nf3 d5 2. d4 Nf6 3. c4 dxc4 4. e3 a6 5. Bxc4 e6 6. O-O c5 7. dxc5 Bxc5 8.
Qxd8+ Kxd8 9. Be2 Ke7 10. Nbd2 Nbd7 11. Nb3 Bd6 12. Rd1 b6 13. Ng5 Rf8 14. Nd2
Bb7 15. Nc4 Bc5 16. Bd2 h6 17. Nf3 Ne4 18. Be1 a5 19. Nd4 Nd6 20. Nxd6 Bxd6 21.
Bb5 Bc5 22. Nf5+ Kf6 23. Nxg7 Kxg7 24. Rxd7 Bd5 25. Bc3+ Kg8 26. Bf6 Rfc8 27.
a4 Bb4 28. h4 Rc2 29. Rd1 h5 30. Bd3 Rcc8 31. Be2 Bc6 32. Rd8+ Rxd8 33. Rxd8+
Rxd8 34. Bxd8 Bc5 35. Bd1 Kg7 36. Kh2 Kg6 37. Bc2+ Kg7 38. Bc7 f6 39. Kg3 Kf7
40. e4 e5 41. Bd8 Bd4 42. b3 Bc5 43. Bd3 Kg7 44. f4 exf4+ 45. Kxf4 Bd6+ 46. Kf3
Bc5 47. Bc7 Bd7 48. Bc4 Kf8 49. Kf4 Bg4 50. e5 fxe5+ 51. Bxe5 Ke7 52. Kg5 Be3+
53. Kg6 Bf2 54. g3 Bd1 55. Kf5 Kd7 56. Kg5 Ke7 57. Bf4 Bg4 58. Kg6 Bd4 59. Bg5+
Kf8 60. Bd5 Bf2 61. Bf4 Ke7 62. Kg5 Bd4 63. Bc1 Kf8 64. Ba3+ Kg7 65. Kf4 Kf6
66. Bd6 Bd1 67. Ke4 Bf2 68. Bc4 Bc2+ 69. Kd5 Kf5 70. Kc6 Be4+ 71. Kb5 Kg4 72.
Be6+ Kf3 73. Bf7 Bd3+ 74. Kc6 Be4+ 75. Kb5 Bd3+ 76. Bc4 Bf5 77. Bd5+ Kg4 78.
Bc7 Bd7+ 79. Ka6 Bc8+ 80. Ka7 b5+ 81. Kb8 bxa4 82. Kxc8 axb3 83. Be6+ Kf3 84.
Bxb3 Bxg3 85. Bd8 Ke4 86. Bd1 Kf5 87. Kb7 Kg6 88. Kc6 Be1 89. Kd5 Bc3 90. Ke6
Be1 91. Bc2+ Kh6 92. Bg5+ Kg7 93. Ba4 Bc3 94. Be8 Bb2 95. Kd5 Bf6 96. Bxh5 a4
97. Kc4 a3 98. Kb3 Bb2 99. Be8 Kh7 100. h5 Kg8 101. Bc6 Kg7 102. Be4 Kg8 103.
Bb1 Kg7 104. Kc4 Kg8 105. Kd5 Kf7 106. Ke4 Kg7 107. Kf5 Kh8 108. Kg6 Kg8 109.
Be7 Kh8 110. h6 Kg8 111. Ba2+ Kh8 112. Bf8 1-0

[Event "Oebro CXU International 2023"]
[Site "Copenhagen"]
[Date "2023.07.25"]
[Round "3.8"]
[White "Westrum, Kim Roger Hansen"]
[Black "Hacker, Jonas"]
[Result "0-1"]
[WhiteElo "2106"]
[BlackElo "2406"]
[PlyCount "80"]
[EventDate "2023.07.24"]
[EventType "swiss"]
[EventRounds "9"]
[EventCountry "DEN"]
[SourceTitle "Live v. Obro Skakforenin"]

1. e4 c5 2. Nf3 e6 3. d4 cxd4 4. Nxd4 Nc6 5. Nc3 Qc7 6. Ndb5 Qb8 7. Be3 a6 8.
Bb6 axb5 9. Nxb5 Bb4+ 10. c3 Ba5 11. Nd6+ Qxd6 12. Qxd6 Bxb6 13. Bd3 Nf6 14. a4
Bd8 15. Qg3 Nh5 16. Qe3 Bc7 17. g3 O-O 18. f4 Nf6 19. h3 e5 20. f5 d5 21. g4 d4
22. Qf3 dxc3 23. bxc3 Ba5 24. Ra3 Nd7 25. g5 Nd4 26. Qh5 Nc5 27. Bb1 Ndb3 28.
O-O Nd2 29. Ba2 Ncxe4 30. g6 Nf6 31. gxf7+ Kh8 32. Qg5 Bb6+ 33. Kg2 Nxf1 34.
Kxf1 Bc5 35. Rb3 Rxf7 36. Rb6 Bxb6 37. Bxf7 Bd7 38. Qg3 Rf8 39. Bb3 Bxf5 40.
Qxe5 Bxh3+ 0-1

[Event "Oebro CXU International 2023"]
[Site "Copenhagen"]
[Date "2023.07.25"]
[Round "3.9"]
[White "Fries Nielsen, Jens Ove"]
[Black "Grave, Jacob Templen"]
[Result "1-0"]
[WhiteElo "2384"]
[BlackElo "2255"]
[PlyCount "85"]
[EventDate "2023.07.24"]
[EventType "swiss"]
[EventRounds "9"]
[EventCountry "DEN"]
[SourceTitle "Live v. Obro Skakforenin"]

1. e4 c6 2. Nc3 d5 3. f4 dxe4 4. Nxe4 g6 5. Nf3 Bg7 6. Bc4 Nf6 7. Nxf6+ Bxf6 8.
O-O c5 9. d3 Nc6 10. c3 O-O 11. Be3 b6 12. Qe2 Na5 13. Bb5 a6 14. Ba4 Bf5 15.
Rad1 Qc7 16. h3 b5 17. Bc2 Rad8 18. g4 Bc8 19. Qf2 Rd5 20. Nd2 h5 21. Qg2 Bb7
22. Ne4 hxg4 23. hxg4 b4 24. Qh3 bxc3 25. bxc3 Bg7 26. f5 Rfd8 27. Ng5 gxf5 28.
gxf5 R5d6 29. Bf4 Qc6 30. Ne4 Rd5 31. Rf2 Bc8 32. Bg5 Qd7 33. Rdf1 Nc6 34. Bh6
Ne5 35. Qg3 Ng6 36. Bxg7 Kxg7 37. fxg6 f6 38. Rh2 Qg4 39. Rh7+ Kxg6 40. Qxg4+
Bxg4 41. Rxe7 f5 42. Re6+ Kg7 43. Nf6 1-0

[Event "Oebro CXU International 2023"]
[Site "Copenhagen"]
[Date "2023.07.25"]
[Round "3.10"]
[White "Ingebretsen, Jens E"]
[Black "Steffens, Olaf"]
[Result "1-0"]
[WhiteElo "2342"]
[BlackElo "2108"]
[PlyCount "61"]
[EventDate "2023.07.24"]
[EventType "swiss"]
[EventRounds "9"]
[EventCountry "DEN"]
[SourceTitle "Live v. Obro Skakforenin"]

1. c4 b6 2. Nc3 Ba6 3. e4 c5 4. Nf3 e6 5. d4 cxd4 6. Nxd4 Nc6 7. Nc2 Bc5 8. Be2
Qh4 9. Be3 Nf6 10. g3 Qh3 11. Qd2 O-O 12. O-O-O Be7 13. f4 Ng4 14. Bg1 Rfd8 15.
Bf1 Qh6 16. h3 Rac8 17. Be2 f5 18. Bxb6 axb6 19. hxg4 Qf6 20. gxf5 d5 21. e5
Qxf5 22. Bd3 Qg4 23. Ne3 Qf3 24. Rdf1 Qxg3 25. Rfg1 Qf3 26. Rxh7 Bf8 27. Bg6
Qxf4 28. Rgh1 Qh6 29. R1xh6 gxh6 30. Ng4 dxc4 31. Nf6# 1-0

[Event "Oebro CXU International 2023"]
[Site "Copenhagen"]
[Date "2023.07.26"]
[Round "4.1"]
[White "Holm, Kristian Stuvik"]
[Black "Hamitevici, Vladimir"]
[Result "1/2-1/2"]
[WhiteElo "2480"]
[BlackElo "2494"]
[PlyCount "70"]
[EventDate "2023.07.24"]
[EventType "swiss"]
[EventRounds "9"]
[EventCountry "DEN"]
[SourceTitle "Live v. Obro Skakforenin"]

1. c4 e6 2. Nc3 d5 3. d4 a6 4. cxd5 exd5 5. Bf4 c6 6. e3 Bd6 7. Bxd6 Qxd6 8.
Bd3 Ne7 9. Qc2 Bg4 10. Qb3 Nd7 11. Qxb7 O-O 12. Qb3 c5 13. Qa3 Nc6 14. Kf1 Rfb8
15. h3 Be6 16. dxc5 Qxc5 17. Nf3 Rb4 18. Ne2 Qb6 19. b3 Nde5 20. Nxe5 Nxe5 21.
Rd1 Nxd3 22. Rxd3 Qb5 23. Rd2 d4 24. exd4 Bxb3 25. Kg1 Be6 26. Kh2 Ra4 27. Qg3
Qb4 28. Rhd1 Rxa2 29. Rxa2 Bxa2 30. d5 Rd8 31. d6 Be6 32. Nf4 Qe4 33. f3 Qe5
34. Nxe6 Qxe6 35. d7 f6 1/2-1/2

[Event "Oebro CXU International 2023"]
[Site "Copenhagen"]
[Date "2023.07.26"]
[Round "4.2"]
[White "Chatalbashev, Boris"]
[Black "Sriram, Jha"]
[Result "0-1"]
[WhiteElo "2493"]
[BlackElo "2315"]
[PlyCount "78"]
[EventDate "2023.07.24"]
[EventType "swiss"]
[EventRounds "9"]
[EventCountry "DEN"]
[SourceTitle "Live v. Obro Skakforenin"]

1. d4 d5 2. c4 c6 3. Nf3 Nf6 4. e3 Bf5 5. Nc3 e6 6. Nh4 Be4 7. f3 Bg6 8. Qb3
Qc7 9. Bd2 Be7 10. cxd5 Nxd5 11. Nxg6 hxg6 12. O-O-O Nxc3 13. Bxc3 a5 14. Kb1
a4 15. Qc2 a3 16. b3 Rxh2 17. Bd3 Nd7 18. Bxg6 fxg6 19. Qxg6+ Kd8 20. Qxe6 Rxh1
21. Rxh1 Qd6 22. Qg4 Kc7 23. e4 Bf6 24. Rd1 c5 25. f4 Bxd4 26. Bxd4 cxd4 27. e5
Qd5 28. Rc1+ Kb6 29. Qg6+ Ka7 30. Qd3 Nc5 31. Qb5 Qe4+ 32. Ka1 Rc8 33. Qa5+ Kb8
34. Qxa3 d3 35. Qb2 Qe2 36. Rb1 d2 37. Qd4 Qd3 38. Qd6+ Qxd6 39. exd6 Re8 0-1

[Event "Oebro CXU International 2023"]
[Site "Copenhagen"]
[Date "2023.07.26"]
[Round "4.3"]
[White "Hacker, Jonas"]
[Black "Baasansuren, Erdene"]
[Result "0-1"]
[WhiteElo "2406"]
[BlackElo "2278"]
[PlyCount "112"]
[EventDate "2023.07.24"]
[EventType "swiss"]
[EventRounds "9"]
[EventCountry "DEN"]
[SourceTitle "Live v. Obro Skakforenin"]

1. e4 c5 2. Nf3 d6 3. Bb5+ Bd7 4. Bxd7+ Qxd7 5. c4 Nf6 6. Nc3 g6 7. d4 cxd4 8.
Nxd4 Bg7 9. f3 Qc7 10. b3 Qa5 11. Bd2 Nc6 12. Nxc6 bxc6 13. Rc1 O-O 14. O-O Nd7
15. Kh1 Nc5 16. Qc2 Ne6 17. Na4 Qh5 18. f4 Nd4 19. Qd3 Qe2 20. Qxe2 Nxe2 21.
Rce1 Nd4 22. c5 Rfd8 23. cxd6 exd6 24. Bc3 Re8 25. Rf2 f5 26. Rd2 c5 27. e5
Rac8 28. b4 Nb5 29. bxc5 Nxc3 30. cxd6 Ne4 31. Rd4 Red8 32. g3 Kf7 33. Re2 Ke6
34. Kg2 g5 35. g4 Rxd6 36. Rexe4 Rxd4 37. Rxd4 gxf4 38. Rxf4 fxg4 39. Rxg4 Bxe5
40. Rh4 Rc2+ 41. Kh1 Kd5 42. Rxh7 Bd4 43. Rd7+ Ke5 44. Re7+ Kd6 45. Rh7 Rxa2
46. Rh6+ Kd5 47. Ra6 Rd2 48. Nc3+ Bxc3 49. Rxa7 Ke4 50. Re7+ Be5 51. Rb7 Bf4
52. Rb3 Rxh2+ 53. Kg1 Rc2 54. Ra3 Be3+ 55. Kh1 Kf3 56. Rb3 Ke4 0-1

[Event "Oebro CXU International 2023"]
[Site "Copenhagen"]
[Date "2023.07.26"]
[Round "4.4"]
[White "Kistrup, Nicolai"]
[Black "Hector, Jonny"]
[Result "1/2-1/2"]
[WhiteElo "2339"]
[BlackElo "2481"]
[PlyCount "141"]
[EventDate "2023.07.24"]
[EventType "swiss"]
[EventRounds "9"]
[EventCountry "DEN"]
[SourceTitle "Live v. Obro Skakforenin"]

1. d4 d5 2. c4 c6 3. Nf3 Nf6 4. e3 Bf5 5. Nc3 e6 6. Nh4 Be4 7. f3 Bg6 8. Qb3
Qc7 9. Bd2 a5 10. cxd5 Nxd5 11. Nxd5 cxd5 12. Bb5+ Nc6 13. Nxg6 hxg6 14. f4 Bd6
15. O-O-O Ke7 16. Kb1 Na7 17. Rc1 Qb6 18. Bd3 Qxb3 19. axb3 Nc6 20. Bb5 Nb4 21.
h4 Rh7 22. Rh3 Rah8 23. Rch1 Kd8 24. Be2 Be7 25. Be1 Nc6 26. Bg3 Bb4 27. Kc2
Ne7 28. h5 gxh5 29. Rxh5 Rxh5 30. Rxh5 Rxh5 31. Bxh5 Nf5 32. Bf2 Nd6 33. Kd1
Ne4 34. Be1 Bxe1 35. Kxe1 Ke7 36. Bf3 Kd6 37. Bh5 g6 38. Be2 g5 39. Bd3 gxf4
40. exf4 Ng3 41. Kd2 Kc6 42. Kc3 Ne4+ 43. Kc2 f5 44. Be2 Ng3 45. Bf3 Kb5 46.
Kc3 b6 47. Bd1 Ne4+ 48. Kc2 Ng3 49. Kc3 Kc6 50. Bf3 b5 51. Kd3 b4 52. Ke3 Kb5
53. Bd1 Kc6 54. Bf3 Kd6 55. Bd1 Ke7 56. Bf3 Kf6 57. Bd1 Ne4 58. g4 fxg4 59.
Bxg4 Nd6 60. Bh3 a4 61. bxa4 Nc4+ 62. Ke2 b3 63. a5 Nxa5 64. Kd3 Nc4 65. Kc3
Nd6 66. Kxb3 Nb5 67. Kc2 Nxd4+ 68. Kd3 Nc6 69. Kc3 e5 70. fxe5+ Kxe5 71. Bg2
1/2-1/2

[Event "Oebro CXU International 2023"]
[Site "Copenhagen"]
[Date "2023.07.26"]
[Round "4.5"]
[White "Nielsen, Viktor Haarmark"]
[Black "Storme, Isak"]
[Result "1/2-1/2"]
[WhiteElo "2345"]
[BlackElo "2448"]
[PlyCount "53"]
[EventDate "2023.07.24"]
[EventType "swiss"]
[EventRounds "9"]
[EventCountry "DEN"]
[SourceTitle "Live v. Obro Skakforenin"]

1. d4 Nf6 2. c4 e6 3. Nf3 d5 4. g3 Be7 5. Bg2 O-O 6. O-O dxc4 7. Qc2 a6 8. a4
Bd7 9. Qxc4 Bc6 10. Bf4 Bd6 11. Qc1 a5 12. Nc3 Na6 13. Rd1 Nb4 14. Ne5 Bxg2 15.
Kxg2 Nfd5 16. Nb5 Nxf4+ 17. Qxf4 Qe7 18. Qe4 c6 19. Nc3 Rfd8 20. Nc4 Bc7 21.
Rd2 Rd7 22. Rad1 Rad8 23. e3 Nd5 24. Qc2 Nb4 25. Qe4 Nd5 26. Qc2 Nb4 27. Qe4
1/2-1/2

[Event "Oebro CXU International 2023"]
[Site "Copenhagen"]
[Date "2023.07.26"]
[Round "4.6"]
[White "Haubro, Martin"]
[Black "Brynell, Stellan"]
[Result "1-0"]
[WhiteElo "2386"]
[BlackElo "2397"]
[PlyCount "67"]
[EventDate "2023.07.24"]
[EventType "swiss"]
[EventRounds "9"]
[EventCountry "DEN"]
[SourceTitle "Live v. Obro Skakforenin"]

1. e4 e6 2. d4 d5 3. Nc3 Bb4 4. e5 b6 5. a3 Bf8 6. h4 Ba6 7. Bxa6 Nxa6 8. h5 h6
9. Nce2 Qd7 10. Be3 Ne7 11. Nh3 Nb8 12. O-O Nbc6 13. b4 O-O-O 14. Qd3 Kb7 15.
Bd2 a6 16. a4 Nb8 17. b5 g6 18. bxa6+ Ka7 19. Rfb1 c6 20. Ba5 Nc8 21. Bxb6+
Nxb6 22. a5 Nc4 23. Rb7+ Qxb7 24. axb7 gxh5 25. a6 Be7 26. Nc1 h4 27. Nb3 Rdg8
28. Kh1 Rg7 29. Nd2 Nxd2 30. Qxd2 Rhg8 31. Qa5 Bd8 32. Qc5+ Bb6 33. Qxb6+ Kxb6
34. a7 1-0

[Event "Oebro CXU International 2023"]
[Site "Copenhagen"]
[Date "2023.07.26"]
[Round "4.7"]
[White "Ingebretsen, Jens E"]
[Black "Fries Nielsen, Jens Ove"]
[Result "1-0"]
[WhiteElo "2342"]
[BlackElo "2384"]
[PlyCount "77"]
[EventDate "2023.07.24"]
[EventType "swiss"]
[EventRounds "9"]
[EventCountry "DEN"]
[SourceTitle "Live v. Obro Skakforenin"]

1. Nf3 g6 2. g3 Bg7 3. d4 e6 4. Bg2 Ne7 5. O-O d6 6. c4 Nd7 7. Nc3 a6 8. b3 Rb8
9. a4 O-O 10. Bb2 h6 11. Qd2 b6 12. Rfe1 Bb7 13. e4 c5 14. d5 e5 15. Nh4 Bc8
16. Nd1 b5 17. axb5 axb5 18. Ne3 bxc4 19. bxc4 f5 20. exf5 gxf5 21. Bc3 Nf6 22.
Ba5 Qd7 23. Bh3 Ne4 24. Qe2 Ng5 25. Bg2 f4 26. Nd1 e4 27. Ra3 f3 28. Bxf3 exf3
29. Qxe7 Qxe7 30. Rxe7 Rb1 31. Re1 Bd4 32. Bd2 Bd7 33. Bxg5 hxg5 34. Nxf3 Bf6
35. Ne3 Rfb8 36. Rxb1 Rxb1+ 37. Kg2 g4 38. Nd2 Rb2 39. Ne4 1-0

[Event "Oebro CXU International 2023"]
[Site "Copenhagen"]
[Date "2023.07.26"]
[Round "4.8"]
[White "Carlsson, Ludvig"]
[Black "Thorsbro, Peter"]
[Result "1-0"]
[WhiteElo "2373"]
[BlackElo "2202"]
[PlyCount "112"]
[EventDate "2023.07.24"]
[EventType "swiss"]
[EventRounds "9"]
[EventCountry "DEN"]
[SourceTitle "Live v. Obro Skakforenin"]

1. e4 c6 2. Nf3 d5 3. d3 Bg4 4. h3 Bxf3 5. Qxf3 Nf6 6. g3 e6 7. Bg2 Be7 8. O-O
O-O 9. Qe2 a5 10. a4 Na6 11. Nd2 b5 12. exd5 exd5 13. axb5 cxb5 14. Nb3 Nb4 15.
Nxa5 Rxa5 16. Rxa5 Qxa5 17. Qxe7 Nxc2 18. Qc5 Qa4 19. Bg5 Qb3 20. Rc1 Nb4 21.
Qc3 Qxc3 22. Rxc3 Rb8 23. Bf4 Ra8 24. Rb3 Nc2 25. Rxb5 Ne1 26. Bf1 Kf8 27. Rb8+
Rxb8 28. Bxb8 Ke7 29. Be2 Nd7 30. Bf4 Nc5 31. Be3 Kd6 32. b4 Ne6 33. Bd2 Nc2
34. Bd1 Na3 35. Ba4 Nb1 36. Be1 Ke5 37. b5 Kd4 38. b6 Nd8 39. Bb4 Nc3 40. Bd7
Kxd3 41. Be7 Nb7 42. Bc8 Na5 43. b7 Nxb7 44. Bxb7 d4 45. Kf1 Kc2 46. Bb4 f5 47.
g4 d3 48. Bxc3 Kxc3 49. Bc6 fxg4 50. hxg4 g6 51. Kg2 Kd4 52. Kf3 d2 53. Ba4 h5
54. gxh5 gxh5 55. Bd1 Ke5 56. Kg3 Kd5 1-0

[Event "Oebro CXU International 2023"]
[Site "Copenhagen"]
[Date "2023.07.26"]
[Round "4.9"]
[White "Brattgjerd, Isak Vinh"]
[Black "Loftgaard, Mikkel Vinh"]
[Result "1/2-1/2"]
[WhiteElo "2185"]
[BlackElo "2229"]
[PlyCount "82"]
[EventDate "2023.07.24"]
[EventType "swiss"]
[EventRounds "9"]
[EventCountry "DEN"]
[SourceTitle "Live v. Obro Skakforenin"]

1. e4 c5 2. Nf3 d6 3. d4 cxd4 4. Nxd4 Nf6 5. Nc3 a6 6. h3 e5 7. Nf3 h5 8. Bc4
Be6 9. Bb3 Nbd7 10. Be3 Bxb3 11. axb3 Be7 12. O-O O-O 13. Qe2 Qc7 14. Rad1 Rfc8
15. Rd2 b5 16. Bg5 g6 17. Rc1 Qb7 18. Bxf6 Nxf6 19. Nd5 Nxd5 20. Rxd5 b4 21.
Qd3 Rc6 22. Rd1 a5 23. Nd2 a4 24. Nc4 Qc8 25. Ra1 axb3 26. Rxa8 Qxa8 27. cxb3
Ra6 28. Kh2 Kg7 29. Rb5 Qa7 30. Qe3 Qc7 31. Qd2 Ra1 32. Rd5 Qb7 33. Qe3 Ra6 34.
Rd1 h4 35. g3 hxg3+ 36. fxg3 Qa8 37. Nb6 Qa7 38. Nc4 Qa8 39. Nb6 Rxb6 40. Qxb6
Qxe4 41. Qf2 Qa8 1/2-1/2

[Event "Oebro CXU International 2023"]
[Site "Copenhagen"]
[Date "2023.07.26"]
[Round "4.10"]
[White "Simonsen, Carsten"]
[Black "Hansen, Soren Bech"]
[Result "0-1"]
[WhiteElo "2201"]
[BlackElo "2208"]
[PlyCount "118"]
[EventDate "2023.07.24"]
[EventType "swiss"]
[EventRounds "9"]
[EventCountry "DEN"]
[SourceTitle "Live v. Obro Skakforenin"]

1. d4 f5 2. Bg5 h6 3. Bh4 g5 4. e3 Nf6 5. Bg3 d6 6. h4 Rg8 7. hxg5 hxg5 8. Nc3
c6 9. Qd2 Be6 10. f3 Bf7 11. Bd3 e6 12. O-O-O Nbd7 13. Nge2 Qa5 14. Kb1 O-O-O
15. Ne4 Qxd2 16. Nxd2 Nd5 17. Bf2 Nb4 18. Bc4 d5 19. Bb3 Bd6 20. a3 Na6 21. e4
Rh8 22. e5 Be7 23. g4 f4 24. c3 Bg6+ 25. Bc2 Bxc2+ 26. Kxc2 Nc7 27. a4 Rdg8 28.
Nb3 Nb6 29. a5 Nc4 30. Nec1 Kd7 31. Nd3 Na6 32. Rde1 Ke8 33. Reg1 Kf7 34. Re1
Kg7 35. Reg1 Re8 36. Re1 Kg6 37. Reg1 Ref8 38. Re1 Kg7 39. Reg1 Rxh1 40. Rxh1
Rh8 41. Rxh8 Kxh8 42. Bg1 Kg7 43. Bf2 Kf7 44. Bg1 Bd8 45. Nbc5 Nxc5 46. Nxc5
Nxa5 47. b4 b6 48. bxa5 bxc5 49. a6 c4 50. Bf2 Ke8 51. Be1 Kd7 52. Bd2 Kc7 53.
Bc1 Be7 54. Kb1 Kb6 55. Ka2 Kxa6 56. Bb2 Kb5 57. Bc1 Kb6 58. Bb2 Kc7 59. Bc1
Kd7 0-1

[Event "Oebro CXU International 2023"]
[Site "Copenhagen"]
[Date "2023.07.27"]
[Round "5.1"]
[White "Sriram, Jha"]
[Black "Baasansuren, Erdene"]
[Result "1-0"]
[WhiteElo "2315"]
[BlackElo "2278"]
[PlyCount "123"]
[EventDate "2023.07.24"]
[EventType "swiss"]
[EventRounds "9"]
[EventCountry "DEN"]
[SourceTitle "Live v. Obro Skakforenin"]

1. d4 d5 2. c4 e6 3. Nf3 Nf6 4. Nc3 Nbd7 5. Bf4 dxc4 6. e3 b5 7. Nxb5 Bb4+ 8.
Nc3 Nd5 9. Qd2 Nxf4 10. exf4 Bb7 11. Be2 O-O 12. O-O Qf6 13. a3 Ba5 14. Ne5
Nxe5 15. fxe5 Qg6 16. g3 Rfd8 17. Qe3 Bxc3 18. bxc3 Bd5 19. Bf3 Rab8 20. Bxd5
exd5 21. f4 Qf5 22. Qe2 h5 23. Rf2 Rb3 24. Qc2 g6 25. Qxf5 gxf5 26. Rc2 Rdb8
27. Raa2 Rb1+ 28. Kg2 a5 29. a4 Kg7 30. Re2 R8b6 31. Kh3 R1b3 32. Re3 Re6 33.
Kh4 Kg6 34. h3 Rb1 35. Ree2 Reb6 36. Rg2 R6b3 37. Rae2 Rb6 38. g4 hxg4 39. hxg4
Rh1+ 40. Kg3 Rc1 41. Rc2 Rf1 42. g5 Rd1 43. Rge2 Rd3+ 44. Kf2 Kh5 45. Re3 Kg4
46. Ke2 Kxf4 47. Rxd3 cxd3+ 48. Kxd3 Kg3 49. c4 Rb3+ 50. Rc3 Rb7 51. cxd5 Kf4
52. Rc6 Kxg5 53. Rf6 Rb3+ 54. Kc4 Rb1 55. Rxf7 Rc1+ 56. Kb5 Rd1 57. Rxc7 Rxd4
58. d6 f4 59. Kc5 Rd1 60. Rf7 Re1 61. d7 Rc1+ 62. Kd6 1-0